000 00749nam a2200253 i 4500
001 C2-0120966
003 PPAK
005 20180727112838.0
008 970817s1986 my a|||| ||||| | may d
020 _a9679520749
040 _aPPAK
_beng
_cPPAK
_erda
082 0 4 _a959.5114
_223
090 0 0 _a959.5114
_bPER
_dK
245 0 0 _aPerak
264 1 _aPetaling Jaya, Selangor :
_bKompas ,
_c1986
300 _a30 pages :
_bcolour illustrations ;
_c21 cm
336 _2rdacontent
_atext
337 _2rdamedia
_aunmediated
338 _2rdacarrier
_avolume
490 1 _aSiri Malaysia tanahair tercinta
650 1 0 _aCommonwelth of Nation territories - Malaysia. ; Perak - History.
830 0 _aSiri Malaysia tanahair tercinta
942 _ddc
_cB
999 _c34124
_d34124